00875nam a22001337a 4500008004100000020001900041050001900060100003600079245010100115260005600216300001800272505043800290650001300728171130s mx ||||| |||| 00| 0 spa d a9786079076050404aJC599.M4bL865 aSarmiento, Sergio.eCoordinador10aQuinto concurso de ensayob : caminos de la libertad : memoriasc / coordinador Sergio Sarmiento3 aMéxicob : Fomento Cultural Grupo Salinasc, 2011 a242 páginas aEl hombre fundamentalista Las proezas de la libertad en el bicentenario de la Independencia y en el centenario de la Revolución Guatemala y Suiza: dos sociedades , dos conceptos de libertad Precursores de la modernidad liberal: los escolásticos salmantinos y su idea del derecho de propiedad como base de la libertad Acción humana y economía de las emociones Petróleo: ¿enemigo de las libertades económicas en Venezuela?10aLIBERTAD